Normal view
MARC view
- Battista, Lloyd.
Entry Personal Name
001 - CONTROL NUMBER
- control field: 12076
003 - CONTROL NUMBER IDENTIFIER
- control field: NUST
005 - DATE AND TIME OF LATEST TRANSACTION
- control field: 20180727101844.0
008 - FIXED-LENGTH DATA ELEMENTS
- fixed length control field: 180727|| aca||aabn | a|a d
040 ## - CATALOGING SOURCE
- Original cataloging agency: NUST
- Transcribing agency: NUST
100 ## - HEADING--PERSONAL NAME
- Personal name: Battista, Lloyd.
670 ## - SOURCE DATA FOUND
- Source citation: Work cat.: (NUST)0: Connelly, Michael, 1956- 12066, Black echo, 1994.
